Регионална библиотека "Любен Каравелов" - Русе

Съзнателната любов (Запис номер 146053)

MARC детайли
000 -Лидер
Контролно поле с фиксирана дължина 02318nam a2200457 c 4500
003 - Код на организацията, давaща контролен номер
Контролно поле BLK
005 - Дата и час на последна редакция
Контролно поле 20240312162733.0
008 - Елементи от данни с фиксирана дължина
fixed length control field 180410b bul|||||r ||||||| ||bul||
010 ## - Наследен системен номер
LC control number KNG00152239000
020 ## - Международен стандартен номер на книга ISBN
Международен стандартен номер на книга ISBN 978-954-321-976-6
-- издат.: Изток-Запад
040 ## - Източник на каталожния запис
Идентификатор на билиотеката - собственик на записа BLK
041 ## - Код за език
Код за езика на текст/звукозапис или на отделно заглавие Български
Код за езика КДБФ Български
072 #7 - Код за тематичната категория
Код организация bullib
Код за тематична категория Н17
Текст Етика Н
080 ## - УДК
Текстов определител УДК Любов. Дружба. Привързаност. Флирт
УДК код - определител по УДК 177.6
УДК определител
УДК - код + определител 177.6
080 ## - УДК
Текстов определител УДК Индивидуална психология. Психология на личността. Индивидуалност. Психология на характера. Характерология. Психологическа типология
УДК код - определител по УДК 159.923
УДК определител
УДК - код + определител 159.923
080 ## - УДК
Текстов определител УДК Психотехника. Приложна психология. Психотестове. Консултативна психология
УДК код - определител по УДК 159.98
УДК определител
УДК - код + определител 159.98
100 1# - Редна дума - Автор
Автор Хендрикс, Гай
Авторска отговорност първи автор
R(LIN) 380039
139 ## - Редно поле
Редна дума Хендрикс, Гай и др.
Авторски знак Хен - Х 42
245 10 - Сведения за заглавието
Заглавие Съзнателната любов
Подзаглавни данни Пътят към взаимна отдаденост : Как да бъдем всеотдайни, без да изменяме на себе си
Редно поле (дума) Гай Хендрикс; съавт. Катлийн Хендрикс; прев. от англ. Светлана Кимпан.
257 ## - Страна на издаване
Страна на създаване/издаване Великобритания
260 ## - Област на издателските данни
-- София
Име на издателя, разпространителя и проч. Изток-Запад
Година на издаване 2012
300 ## - Физическа характеристика
Страници 336 с.
Размери/Мащаб 21 см
380 ## - Жанр
Жанр Философия
500 ## - Общи забележки
Забележка Ориг. загл. Conscious loving. The journey to co-commitment / Gay Hendricks, Kathlyn Hendricks
650 #4 - Допълнително описание по предмет – тема
Основно описание – тема или топоним Любов - психологични проблеми
9 (RLIN) 265739
650 #4 - Допълнително описание по предмет – тема
Основно описание – тема или топоним Личност - психология
9 (RLIN) 243160
650 #4 - Допълнително описание по предмет – тема
Основно описание – тема или топоним Психология, приложна
9 (RLIN) 258193
653 ## - Ключова дума – ненормативна
Ключова дума любов
653 ## - Ключова дума – ненормативна
Ключова дума чувства
653 ## - Ключова дума – ненормативна
Ключова дума общуване
653 ## - Ключова дума – ненормативна
Ключова дума приложна психология
659 ## - Тематичен бюлетин
Тематичен бюлетин Н
700 1# - Други автори (авторска отговорност)
Лично име Хендрикс, Катлийн
Автороска отговорност (Описва отношението между автора и произведението) съавт.
9 (RLIN) 329006
700 1# - Други автори (авторска отговорност)
Лично име Кимпан, Светлана
Автороска отговорност (Описва отношението между автора и произведението) прев. от англ.
9 (RLIN) 78624
852 ## - Местоположение
Форматна сигнатура Цб 265976
856 4# - Електронен адрес и достъп
Електронен формат pdf - файл
Път до файла /url/
856 4# - Електронен адрес и достъп
Електронен формат pdf - файл
Път до файла /url/
942 ## - АРТИКУЛИ
Вид на библиотечния материал Книги
Скрит в OPAC Не
944 ## - СЪЗДАВАНЕ И РЕДАКЦИЯ на ЗАПИСА
Създаване/Редакция Създаване
Дата на регистрацията/редакция 22.10.2013
Служител, извършил регистрацията/редакцията 30560
Статус, дата на статуса Геновева Генчева
944 ## - СЪЗДАВАНЕ И РЕДАКЦИЯ на ЗАПИСА
Създаване/Редакция Редакция
Дата на регистрацията/редакция 30.06.2014
Служител, извършил регистрацията/редакцията
999 ## - СИСТЕМНИ КОНТРОЛНИ НОМЕРА
Koha biblionumber 146053
Koha biblioitemnumber 146053
Наличности
Код за отписване Код за изгубен артикул Код за повреда Коз за рестрикции Код за отдаване Артикулен № Име на библиотеката - собственик Име на библиотеката, в която се намира в момента Статус (Текущо местоположение) Дата на вписване в системата Местоположение - отдел Цена в лева Инвентарен номер Систематично азбучна сигнатура Баркод Номер на екземпляра Цена в евро Служебна бележка Служебен тип на артикула
  Не е изгубен Не е повреден без рестрикции ползва се в читалня 242598 Регионална библиотека "Любен Каравелов" Русе Регионална библиотека "Любен Каравелов" Русе Хранилище 2013-10-24 Хранилище 18.00 120000770985 Цб 265976 120000770985 1 9.20 Дост: Dp Вид: Д N: 39 Дата: 24.09.2012 Книги
Vip Innovations Ltd, Rousse, Bulgaria 2025